100. Doğum yıldönümünde Hasan- Ali Yücel (Record no. 2268)

MARC details
000 -BAŞLIK
Sabit Uzunlukta Kontrol Alanı 00936na a2200277 4500
001 - KONTROL NUMARASI
Denetim Alanı 14839
003 - KONTROL NUMARASI IDENTIFIER
Denetim Alanı MIRAKIL
005 - SON İŞLEM TARİHİ VE ZAMANI
Denetim Alanı 20181213154851.0
008 - SABİT-BOY VERİ ELEMANLARI - GENEL BİLGİLER
Sabit Uzunlukta Kontrol Alanı 161028b tu 000 0
020 ## - ULUSLARARASI STANDART KİTAP NUMARASI
Uluslararası Standart Kitap Numarası 9751609984
035 ## - SİSTEM KONTROL NUMARASI
Sistem Kontrol Numarası 14839
040 ## - KATALOGLAMA KAYNAK
Orijinal Kataloglama Ajansı Milas
Kataloglama Dili tur
Metne Dönüştürmek Ajansı TR-AnCHP
041 ## - DİL KODU
Metin / Ses Parça Veya Ayrı Başlığın Dil Kodu tur
082 ## - DEWEY ONLU SINIFLANDIRMA NUMARASI
Sınıflandırma Numarası 923.2 Yücel.H.A.
Ürün Numarası Y99y 1998
090 ## - SINIFLAMA NUMARASI
Sınıflama Numarası 923.2 Yücel.H.A. Y99y 1998
111 ## - ANA GİRİŞ - TOPLANTI ADI
Giriş Elemanı Olarak Toplantı Adı Veya Yargı Alanı Adı 100. Doğum yıldönümünde Hasan-Ali Yücel Paneli
Toplantı Veya Antlaşma İmzalandığı Tarihi 18 Şubat 1998
245 ## - BAŞLIK TABLOSU
Başlık 100. Doğum yıldönümünde Hasan- Ali Yücel
Sorumluluk Tablosu, Vb yayına hazırlayan Songül Boybeyi
260 ## - YAYIN, DAĞITIM, VB
Yayın, Dağıtım, Vb Yeri Ankara
Yayıncı, Dağıtıcı, Vs Adı Atatürk Kültür Merkezi Başkanlığı
Yayın, Dağıtım, Vb Tarihi 1998
300 ## - FİZİKSEL TANIM
Kapsam xvi, 176 s.
Diğer Fiziksel Ayrıntıları fotg. ; tbl.
Boyutlar 20 sm.
490 ## - SERİSİ TABLOSU
Seri Beyanı Fikir ve Sanat Adamları
Hacim / Ardışık Tanımı 13
504 ## - KAYNAKÇA VB NOT
Kaynakça Vb Notu Dizin var.
600 ## - KONU KATMA GİRİŞ - KURUMSAL ADI
Kişisel Ad Yücel, Hasan Ali
Bir Adıyla İlişkilendirilen Tarihler 1897 - 1961
Genel Alt Bölümü Anma törenleri
610 ## - KONU KATMA GİRİŞ - TOPLANTI ADI
Giriş Elemanı Olarak Kurumsal Ad Veya Yargı Alanı Adı Milli Eğitim Bakanlığı
Genel Alt Bölüm Bakanlar
Kronolojik Alt Bölüm Toplantılar
700 ## - KATMA GİRİŞ - KİŞİSEL İSİM
Kişisel Ad Boybeyi, Songül
942 ## - EKLENDİ GİRİŞ ELEMANLARI (KOHA)
Sınıflandırma Veya Raf Düzeni Kaynak Dewey Decimal Classification
Koha Öğesi Türü Books
999 ## - SİSTEM KONTROL NUMARALARI (KOHA)
Koha Biblionumber 2268
Koha Biblioitemnumber 2268
Holdings
Kalıcı Konum Mevcut Konum Edinme Tarihi Edinim Kaynak Toplam Check-Out'Lar Tam Çağrı Numarası Barkod Tarih Son Görülme İtibaren Geçerli Fiyatlar Koha Öğesi Türü
CHP Kütüphanesi CHP Kütüphanesi 09/01/2016 Bağış   923.2 Yücel.H.A. Y99y 1998 002826 09/01/2016 09/01/2016 Books